00389nam a2200193Ia 4500003000900000008004100009040001300050040001300063041000800076100001100084100000800095245003600103250001100139260000900150260000900159300001100168300001000179490000600189IT-RoPAU120407s9999 xx 000 0 und d aIT-RoPAU cIT-RoPAU aita aVisser cdr. aLa cultura del nostro Occidente aTorino aSaie c1959 a574 p. c25 cm v1